Online
Catalog

Sistemas de riego a presión / (Record no. 779)

MARC details
000 -CABECERA
campo de control de longitud fija 01697nam a2200265 a 4500
001 - NÚMERO DE CONTROL
campo de control 000000783
005 - FECHA Y HORA DE LA ÚLTIMA TRANSACCIÓN
campo de control 20200929145415.0
008 - DATOS DE LONGITUD FIJA--INFORMACIÓN GENERAL
campo de control de longitud fija 090509s2007 dr ab 000 0 spa d
020 ## - NÚMERO INTERNACIONAL ESTÁNDAR DEL LIBRO
Número Internacional Estándar del Libro 9789945161427
040 ## - FUENTE DE LA CATALOGACIÓN
Centro catalogador/agencia de origen DO-SdBNP
Lengua de catalogación spa
Centro/agencia transcriptor BNPHU
082 ## - NÚMERO DE LA CLASIFICACIÓN DECIMAL DEWEY
Número de clasificación 333.913
Número de documento/Ítem S715s
100 1# - ENTRADA PRINCIPAL--NOMBRE DE PERSONA
Nombre de persona Sosa Valerio, Ariosto Antonio
9 (RLIN) 2705
245 10 - MENCIÓN DE TÍTULO
Título Sistemas de riego a presión /
Mención de responsabilidad, etc. Ariosto Antonio Sosa Valerio.
260 ## - PUBLICACIÓN, DISTRIBUCIÓN, ETC.
Lugar de publicación, distribución, etc. Santo Domingo :
Nombre del editor, distribuidor, etc. CONIAF,
Fecha de publicación, distribución, etc. 2007.
300 ## - DESCRIPCIÓN FÍSICA
Extensión 139 p. :
Otras características físicas il., tab. ;
Dimensiones 22 cm.
500 ## - NOTA GENERAL
Nota general Incluye datos biográficos del autor en la contracubierta
504 ## - NOTA DE BIBLIOGRAFÍA, ETC.
Nota de bibliografía, etc. Bibliografía : p. 138-139
505 0# - NOTA DE CONTENIDO CON FORMATO
Título Agradecimientos --
-- Dedicatoria --
-- Prólogo --
-- Introducción --
-- Objetivos: generales y específicos --
Información miscelánea 1.
Título Evapotranspiración o uso consuntivo --
-- Autoevaluación --
Información miscelánea 2.
Título Balance hídrico y necesidad de riego --
-- Autoevalución --
Información miscelánea 3.
Título Almacenaje de agua en los suelos --
-- Autoevalución --
Información miscelánea 4.
Título Sistema de agua a presión -- Autoevalución --
Información miscelánea 5.
Título Riego por aspersión --
-- Autoevalución --
Información miscelánea 6.
Título Riego por microaspersión --
-- Autoevalución --
Información miscelánea 7.
Título Riego por goteo --
-- Autoevalución --
Información miscelánea 8.
Título Componentes del reigo por goteo --
-- A.
-- El cabezal o centro de mando --
Información miscelánea B.
Título Líneas de conducción y distribución --
-- Autoevalución --
Información miscelánea 9.
Título Filtración --
-- Autoevalución --
Información miscelánea 10.
Título Fertirriego --
-- Autoevalución --
-- Bibliografía.
590 ## - NOTA LOCAL (RLIN)
Nota local Inventariado, 2018/LP
650 #4 - PUNTO DE ACCESO ADICIONAL DE MATERIA--TÉRMINO DE MATERIA
Término de materia o nombre geográfico como elemento de entrada Riego por aspersión
9 (RLIN) 2706
650 #4 - PUNTO DE ACCESO ADICIONAL DE MATERIA--TÉRMINO DE MATERIA
Término de materia o nombre geográfico como elemento de entrada Riego por aspersión
Subdivisión general Evaluación
9 (RLIN) 2707
650 #4 - PUNTO DE ACCESO ADICIONAL DE MATERIA--TÉRMINO DE MATERIA
Término de materia o nombre geográfico como elemento de entrada Riego
9 (RLIN) 2708
710 2# - PUNTO DE ACCESO ADICIONAL--NOMBRE DE ENTIDAD CORPORATIVA
Nombre de entidad corporativa o nombre de jurisdicción como elemento de entrada Consejo Nacional de Investigaciones Agropecuarias y Forestales. Instituto Politécnico Loyola (República Dominicana)
9 (RLIN) 2709
910 ## - DATOS DE OPCIÓN DEL USUARIO (OCLC)
Datos de opción del usuario Validado. Control de calidad BNPHU
Holdings
Estado de retiro Estado de pérdida Restricciones de uso No para préstamo Código de colección Localización permanente Ubicación/localización actual Ubicación en estantería Fecha de adquisición Número de inventario Total de préstamos Signatura topográfica completa Código de barras Fecha visto por última vez Número de copia Precio válido a partir de Tipo de ítem Koha
      Préstamo en sala Dominicana de Servicio Biblioteca Nacional Pedro Henríquez Ureña Biblioteca Nacional Pedro Henríquez Ureña Depósito 01.07.2009 LF1   333.913 S715s 783-30 25.06.2020 e. 3 25.06.2020 Libros y folletos
      Préstamo en sala Dominicana de Servicio Biblioteca Nacional Pedro Henríquez Ureña Biblioteca Nacional Pedro Henríquez Ureña Depósito 08.05.2017 LF1   333.913 S715s 783-40 25.06.2020 e. 4 25.06.2020 Libros y folletos
      Préstamo en sala Dominicana de Servicio Biblioteca Nacional Pedro Henríquez Ureña Biblioteca Nacional Pedro Henríquez Ureña Depósito 08.05.2017 LF1   333.913 S715s 783-50 25.06.2020 e. 5 25.06.2020 Libros y folletos
      Préstamo restrigido Patrimonio Dominicano Biblioteca Nacional Pedro Henríquez Ureña Biblioteca Nacional Pedro Henríquez Ureña Depósito 01.07.2009 LF1   333.913 S715s 783-10 25.06.2020   25.06.2020 Libros y folletos
      Préstamo restrigido Patrimonio Dominicano Biblioteca Nacional Pedro Henríquez Ureña Biblioteca Nacional Pedro Henríquez Ureña Depósito 01.07.2009 LF1   333.913 S715s 783-20 25.06.2020 e. 2 25.06.2020 Libros y folletos

Powered by Koha